Statistics for Countries whose National Animals are Mythical

Click here to take the quiz!

General Stats

  • This quiz has been taken 41 times
  • The average score is 7 of 16

Answer Stats

AnimalCountry% Correct
DragonChina
80%
UnicornScotland
69%
Y Ddraig Goch (Red Dragon)Wales
69%
Double-headed EagleRussia
63%
Leo BelgicusBelgium
57%
Bundesadler (Federal Eagle)Germany
57%
Bundesadler (Federal Eagle)Austria
43%
DrukBhutan
40%
White EagleSerbia
37%
PhoenixGreece
34%
ChollimaNorth Korea
31%
GarudaIndonesia
29%
Rooster of BarcelosPortugal
26%
TurulHungary
23%
Double-tailed LionCzech Republic
17%
PhoenixLebanon
17%

Score Distribution

Percentile by Number Answered

Percent of People with Each Score

Your Score History

You have not taken this quiz